000 00767cab a2200229 4500
001 W4327
008 090401t1993 xxu||||| |||| 00| 0 eng d
035 _a(Sirsi) u66541
041 _aeng
245 _aLow values checked
260 _c1993
350 _a0
490 _aBuilding
_v258(7784) 5 March 1993, 7(1)
520 _aFollowing criticism by the HBF of surveyors undervaluing new homes by 5%, the Council of Mortgage Lenders and the RICS have promised that valuers will ensure they use appropriate comparable evidence on sale prices in making valuations.
650 _aCOMPARABLE EVIDENCE
650 _aNEW HOUSES
650 _aUNDER-VALUATION
650 _aValuation
_96273
690 _aRATING AND VALUATION
942 _n0
948 _c04/03/1997
999 _c41571
_d41571